[Event "FRA-chT Gp-B"]
[Site "France"]
[Date "2003.04.06"]
[Round "7.5"]
[White "Marzolo, Cyril"]
[Black "Prie, Eric"]
[Result "1-0"]
[WhiteElo "2480"]
[BlackElo "2446"]
[Annotator "Huebner,R"]
[PlyCount "74"]
[EventDate "2003.01.31"]
[EventType "team"]
[EventRounds "7"]
[EventCountry "FRA"]
[SourceTitle "CBM 095"]
[Source "ChessBase"]
[SourceDate "2003.07.25"]
[SourceVersion "1"]
[SourceVersionDate "2003.07.25"]
[SourceQuality "1"]
[WhiteTeam "Mulhouse"]
[BlackTeam "Montpellier"]
[WhiteTeamCountry "FRA"]
[BlackTeamCountry "FRA"]

1. d4 d5 2. c4 c6 3. Nf3 Nf6 4. Nc3 a6 5. c5 Nbd7 6. Bf4 Nh5 7. e3 Nxf4 8. exf4
b6 (8... g6 9. Bd3 Bg7 10. Ne5 (10. O-O O-O 11. b4 $14) 10... Qc7 11. h4 f6 12.
Nxd7 Bxd7 13. f5 Qf4 14. fxg6 Qxd4 15. gxh7 Qxc5 16. Bg6+ Kd8 $15 {1/2-1/2
Tregubov,P-Ivanov,V/Elista 1994/CBM 44 (46)}) 9. cxb6 Qxb6 10. Bd3 (10. Qd2 e6
11. Rc1 Rb8 ({Laut A. Huzman (Schach 12/1999, S.27) sollte Schwarz 11...c5
spielen; nach dem Textzug erhält er keine Gelegenheit mehr dazu, diesen
Vorstoß durchzusetzen, und sein c-Bauer bleibt rückständig. Auch die folgenden
Varianten, welche zeigen, daß eine taktische Widerlegung des Vorstoßes nicht
möglich ist, stammen von A. Huzman, loc. cit.:} 11... c5 12. Na4 Qa7 13. dxc5
Nxc5 14. Qd4 (14. Nxc5 Bxc5 15. Bd3 Bd6 (15... O-O 16. Bxh7+ $18) 16. O-O O-O
$11) 14... Nxa4 15. Rxc8+ Kd7 16. Qxa4+ (16. Rxa8 Qxd4 17. Nxd4 Bb4+ $15) (16.
Qxa7+ Rxa7 17. Rc2 f6 $11 {A. Huzman} 18. g3 Bd6 19. Bh3) 16... Kxc8 17. Qe8+ (
17. Ne5 Qc7 18. Bxa6+ Kd8 $13) 17... Kc7 18. Qxf7+ Kd6 (18... Kb8 19. Qxe6 Bb4+
20. Kd1 $13) 19. Ne5 $13) 12. Na4 ({Dies ist stärker als} 12. Rc2 Bd6 13. Bd3
c5 14. Na4 Qc7 15. Nxc5 Nxc5 16. dxc5 Bxf4 17. Qc3 e5 {A. Huzman, loc. cit.
Weiß verhindert c6-c5.}) 12... Qb4 13. Qxb4 Bxb4+ ({Die Fortsetzung} 13... Rxb4
14. b3 Bb7 {wird von A. Huzman in Schach 12/1999, S.27 diskutiert; Schwarz
will unter Umständen Tb4xa4 nebst c6-c5 spielen. Huzman meint, daß Weiß mit}
15. Nb2 c5 (15... Rb6 16. Nd3 Ba3 17. Rc2 Ke7 18. Nfe5 $16) 16. Nd3 Rb5 17.
Nde5 (17. Nxc5 Bxc5 18. dxc5 Rxc5 $11) 17... Ra5 18. b4 cxb4 19. Rc7 Nxe5 20.
fxe5 b3 21. axb3 Ba8 22. Kd1 {Vorteil erzielen kann. Mir scheint jedoch, daß
Schwarz mit der Fortsetzung 17...Se5: 18.ba5: (18.fe5: Ta2: 19.bc5: Lc6 ist
nicht überzeugender) 18...Sf3:+ 19.gf3: c4 20.Tb1 Lc8 erfolgreich Widerstand
leisten kann. In der ersten Klammeranmerkung sollte Schwarz 17...f6 an Stelle
von 17...Ke7 spielen; auch diese Lage ist wenig klar.}) 14. Kd1 $14 {1-0
Huzman,A-Khalifman,A/Bugojno 1999/CBM 74/[Huebner,R] (72). (71)}) 10... Qxb2 (
10... g6 11. O-O Bg7 12. Rc1 Qxb2 13. Na4 Qb7 14. Re1 Qc7 15. Qc2 Bb7 16. f5
Bf6 17. h4 $13 {1/2-1/2 Gyimesi,Z-Lalic,B/Medulin 2002/CBM 90 ext (43). (43)})
11. Rc1 g6 12. O-O Bh6 {Auf diese Weise gewinnt Schwarz ein Tempo für die
Entwicklung. Der Läufer steht jedoch auf h6 nicht gut, und Weiß muß fürher
oder später doch den f-Bauern decken.} (12... Bg7 {führt zur oben zitierten
Partie.}) 13. g3 O-O 14. Na4 Qb4 (14... Qb7 15. Qc2 {ist nicht besser.}) 15.
Rxc6 Nf6 $6 {Dies gibt die Bewachung von c5 und e5 auf.} (15... Bg7 16. Qc2 Rb8
{ist verständiger.}) 16. Qb3 Qxb3 17. axb3 a5 18. Ne5 Rb8 $2 (18... Bh3 19. Ra1
Rfb8 {bietet Aussischten, die Stellung zu halten.}) 19. Rfc1 Bd7 20. Ra6 Bxa4 (
20... Rxb3 21. Nc5 {kostet Material.}) (20... Bc8 21. Rxa5 Rxb3 22. Rc7 {
überläßt dem Weißen eine kräftige Initiative, bietet aber vielleicht bessere
Überlebensaussichten als die Partiefortsetzung.}) (20... Rb4 21. Nc5 Be8 22.
Rxa5 Rxd4 23. Ra7 e6 24. Rb7 {ist nicht aussichtsreicher für Schwarz als die
Partiefolge.}) 21. bxa4 Rb4 22. Rxa5 {Der a-Bauer des Weißen ist nun äußerst
stark. Schwarz dürfte sich kaum noch retten können.} Rxd4 23. Ra7 Bg7 24. Bf1
Ne4 25. a5 Ra4 26. a6 e6 27. Rac7 Nd6 (27... Nd2 28. a7 Bxe5 29. fxe5 Nxf1 30.
Kxf1 Kg7 31. Rb7 g5 32. h3 Ra6 33. Rc2 h5 34. Ke2 {und Weiß gewinnt, indem er
seinen König zum Damenflügel bringt.}) 28. Nd7 Rd8 29. Nc5 Rb4 30. Nb7 Nxb7 31.
axb7 Bf6 32. Ba6 Kg7 33. R1c6 $1 (33. Rc8 {dürfte auch zum Gewinn genügen:} Rd6
34. b8=Q Rxb8 35. Rxb8 Rxa6 36. Rc7 g5 37. Rbb7 gxf4 38. Rxf7+ Kg6 39. Rxh7 f3
40. h4 {Der Textzug ist aber weit sicherer.}) 33... Rb8 34. Rxe6 Bd8 35. Rc8
Kf8 36. Rd6 Ke8 37. Rxd5 Rb6 {Suite desesperement illisible, efforts inutiles
sauf a decider de fondre les neurones. Essayer de voir avec Eric. Resulat
final 1 - 0 au 53eme coup blanc} 1-0

[Event "RUS-chT 06th"]
[Site "St Petersburg"]
[Date "1999.05.22"]
[Round "7"]
[White "Fominyh, Alexander"]
[Black "Solozhenkin, Evgeniy"]
[Result "1-0"]
[WhiteElo "2552"]
[BlackElo "2545"]
[Annotator "Huebner,R"]
[PlyCount "117"]
[EventDate "1999.05.16"]
[EventType "team-tourn"]
[EventRounds "9"]
[EventCountry "RUS"]
[SourceTitle "EXT 2020"]
[Source "ChessBase"]
[SourceDate "2019.10.17"]
[SourceVersion "1"]
[SourceVersionDate "2019.10.17"]
[SourceQuality "1"]
[WhiteTeam "Tomsk Siberia"]
[BlackTeam "Sankt Petersburg Lentransgaz"]
[WhiteTeamCountry "RUS"]
[BlackTeamCountry "RUS"]

1. d4 Nf6 2. Nf3 d5 3. c4 c6 4. Nc3 dxc4 5. e3 b5 6. a4 b4 7. Na2 e6 8. Bxc4
Be7 9. O-O O-O 10. Qe2 Bb7 11. Bd2 a5 12. Nc1 c5 13. Nb3 Nbd7 14. Rfd1 Qb8 15.
Be1 Rc8 16. Bb5 cxd4 17. Nfxd4 Nc5 18. f3 {Dieser Zug verursacht eine
Schwächung der Bauernstruktur. Weiß sollte sich durch Abtausch zu entlasten
versuchen:} (18. Nxc5 Bxc5 19. Rac1 {Der Vorteil des Schwarzen hat keine
entscheidende Wirkung.}) 18... Bd6 19. g3 e5 20. Nxc5 Bxc5 21. Nb3 Bb6 22. Rac1
Bd5 23. Nd2 e4 24. f4 $2 {Dadurch werden die weißen Felder schwach. Ich hätte
wieder versucht, durch Abtausch Entlastung herbeizuführen:} (24. Nxe4 Bxe4 (
24... Nxe4 25. Rxc8+ Qxc8 26. Rxd5 {ist ungünstig für Schwarz.}) 25. Rxc8+ Qxc8
26. fxe4 Nxe4 27. Bc4 {, und Weiß hat nicht viel zu fürchten.}) 24... Be6 25.
Rxc8+ Qxc8 26. Nc4 {Dies kostet einen Bauern, aber wenn sich Weiß auf andere
Weise gegen die Drohung Le6-g4 wehren will, muß er eine ganz passive
Aufstellung einnehmen:} (26. Ra1 Qc2 27. Nf1 Rc8 28. Rd1 Qb3 {usw.}) 26... Bxc4
27. Bxc4 Bxe3+ 28. Kg2 Qc5 29. Bb3 h5 30. Qc4 Qxc4 31. Bxc4 Kf8 32. Kf1 Ke7 33.
Ke2 Bb6 34. b3 Ra7 35. Bd2 Rd7 ({Die Folge} 35... Ng4 36. h3 Nf2 37. Rf1 Nxh3
38. Be3 {verspricht dem Schwarzen keinen Sieg.}) 36. h3 e3 $2 {Schwarz ist zu
ungeduldig. Er gewinnt die Qualität, verringert aber seine Gewinnchancen. Nach}
(36... g6 $5 {hat es Weiß sehr schwer.}) 37. Bxe3 Rxd1 38. Bxb6 Rd7 39. Bxa5
Rb7 40. Ba6 Rb8 41. Bc7 Ra8 42. Bc4 Nd7 43. f5 Kf6 44. Ke3 Rc8 45. Ba5 Ne5 46.
Bb5 Kxf5 ({Nach} 46... Rc1 47. g4 hxg4 48. hxg4 {baut Weiß plötzlich
Mattdrohungen auf.}) 47. Bxb4 Ke6 48. Bd2 f5 49. Be2 g5 50. a5 Rc2 51. Bb5 f4+
52. gxf4 gxf4+ 53. Ke2 Kf5 54. a6 Ke4 $4 ({Nach} 54... Ra2 55. Ba4 f3+ 56. Ke3
Nc4+ 57. bxc4 Rxa4 58. Kxf3 Rxa6 {steht dem Weißen noch ein harter Kampf um
das Remis bevor.}) 55. a7 $18 f3+ 56. Kd1 Rc8 57. Ba6 f2 58. Ke2 Rf8 59. Bb7+
1-0

[Event "American Continental 2nd"]
[Site "Buenos Aires"]
[Date "2003.08.26"]
[Round "8"]
[White "Slipak, Sergio"]
[Black "Alzate, Dario"]
[Result "1-0"]
[WhiteElo "2497"]
[BlackElo "2426"]
[Annotator "Huebner,R"]
[PlyCount "61"]
[EventDate "2003.08.17"]
[EventType "swiss"]
[EventRounds "11"]
[EventCountry "ARG"]
[SourceTitle "CBM 097"]
[Source "ChessBase"]
[SourceDate "2003.11.11"]
[SourceVersion "1"]
[SourceVersionDate "2003.11.11"]
[SourceQuality "1"]

1. d4 d5 2. c4 c6 3. Nf3 Nf6 4. Nc3 a6 5. a4 Bf5 6. Qb3 Ra7 7. Bg5 e6 8. Bxf6
gxf6 9. e3 a5 $6 {Im Augenblick sollte Schwarz die Kontrolle über das Feld b5
nicht aufgeben, damit er auf c4xd5 mit c6xd5 antworten kann. Jetzt erhält er
eine ungünstige Bauernstruktur.} (9... Nd7 {ist spielbar.}) (9... dxc4 10. Bxc4
Nd7 {kommt auch in Frage.}) (9... Qa5 {ist ebenfalls nicht von der Hand zu
weisen.}) 10. cxd5 exd5 11. Be2 Bb4 12. O-O Bg6 13. Rad1 Rg8 (13... Nd7 $5) (
13... O-O $5) 14. Rfe1 Qd7 $6 {Schwarz bemerkt nicht, daß Weiß den Vorstoß
e3-e4 vorbereitet.} (14... Kf8 15. Bd3 Kg7 16. Nh4 $16) 15. g3 Kf8 16. Nh4 Qh3
17. Nxg6+ hxg6 18. Bf1 Qf5 19. e4 dxe4 20. Rxe4 $16 g5 (20... Bxc3 21. Rf4 Qd5
22. Qb6 {, und Weiß gewinnt.}) (20... Kg7 {ist jedoch verständiger.}) 21. Rde1
Qd7 22. Bc4 Kg7 23. Qd1 Na6 24. Qf3 Nc7 25. h4 b5 26. Ba2 Rh8 (26... Rf8 27.
Rg4 {Schwarz kann auf die Dauer nicht überleben.}) 27. hxg5 fxg5 28. Re7 $18
Bxe7 29. Qxf7+ Kh6 30. Rxe7 Qd6 31. Qg7+ 1-0

[Event "Sarajevo Bosnia 29th"]
[Site "Sarajevo"]
[Date "1999.05.20"]
[Round "4"]
[White "Sokolov, Ivan"]
[Black "Bareev, Evgeny"]
[Result "1/2-1/2"]
[WhiteElo "2624"]
[BlackElo "2679"]
[Annotator "Huebner,R"]
[PlyCount "63"]
[EventDate "1999.05.17"]
[EventType "tourn"]
[EventRounds "9"]
[EventCountry "BIH"]
[EventCategory "19"]
[SourceTitle "CBM 071"]
[Source "ChessBase"]
[SourceDate "1999.08.01"]
[SourceVersion "1"]
[SourceVersionDate "1999.08.01"]
[SourceQuality "1"]

1. d4 d5 2. c4 c6 3. Nf3 Nf6 4. Nc3 dxc4 5. Ne5 Nbd7 6. Nxc4 b5 7. Nd2 e6 (7...
Bb7 {ist üblicher, um die Fortsetzung g2-g3 zu unterbinden. Sie verurscht dem
Nachziehenden jedoch keine besonderen Schwierigkeiten.}) 8. g3 c5 9. Bg2 ({
Die Folge} 9. Nxb5 Bb7 10. Nf3 Qb6 {ist unerfreulich für Weiß.}) 9... Rb8 10.
dxc5 Bxc5 11. Nb3 Bb7 12. Bxb7 Rxb7 13. Nxc5 Nxc5 14. Qxd8+ Kxd8 15. Be3 Nfd7
16. b4 Na6 17. a3 Ke7 18. Rd1 Rc8 19. Ne4 Rc6 20. O-O Nb6 21. Bd4 f6 22. Rd3
Rd7 23. Rfd1 e5 24. Bxb6 Rxd3 25. Rxd3 axb6 26. g4 Nc7 27. f3 Ne6 28. e3 g6 29.
Nc3 f5 30. gxf5 gxf5 31. Kf2 Ng5 32. Nxb5 1/2-1/2

[Event "Linares 21st"]
[Site "Linares"]
[Date "2004.02.25"]
[Round "6"]
[White "Topalov, Veselin"]
[Black "Kasparov, Garry"]
[Result "1/2-1/2"]
[WhiteElo "2735"]
[BlackElo "2831"]
[Annotator "Huebner,R"]
[PlyCount "71"]
[EventDate "2004.02.19"]
[EventType "tourn"]
[EventRounds "14"]
[EventCountry "ESP"]
[EventCategory "20"]
[SourceTitle "CBM 100"]
[Source "ChessBase"]
[SourceDate "2004.06.01"]
[SourceVersion "1"]
[SourceVersionDate "2004.06.01"]
[SourceQuality "1"]

1. d4 d5 2. c4 c6 3. Nf3 Nf6 4. Nc3 a6 5. c5 Nbd7 6. Bf4 Nh5 7. Bg5 h6 8. Bd2
Nhf6 (8... Qc7 9. e4 dxe4 10. Nxe4 Ndf6 11. Nc3 Be6 12. Ne5 Rd8 13. Be3 g6 14.
Qf3 Nd5 15. Bc4 Nhf6 16. O-O Bg7 17. Rac1 O-O $11 {1/2-1/2 Gelfand,B-Magem
Badals,J/Pamplona 2000/CBM 75 (42). (42)}) 9. Qc2 Qc7 {Dies ist ein neuer Zug.
Die Vorgängerpartie ist nicht besonders representativ:} (9... g6 10. g4 Qc7 11.
g5 Nh5 12. e4 dxe4 13. Nxe4 hxg5 14. Nexg5 Ng7 15. Bc4 e6 16. O-O-O Be7 17.
Bxe6 Nxe6 18. Nxe6 fxe6 19. Qxg6+ Kd8 20. Ng5 Nf8 21. Nf7+ Kd7 22. Qe4 {
1/2-1/2 Lisko,F-Maros,M/SVK 2001/EXT 2002 (22).}) 10. e4 dxe4 (10... e5 {
kommt auch in Betracht:} 11. exd5 cxd5 12. b4 e4 13. Ng1 Nb8 {mit unklarer
Lage. Der Textzug ist einfacher und sicherer.}) 11. Nxe4 Nxe4 12. Qxe4 Nf6 13.
Qc2 Be6 14. Bd3 Nd7 (14... Bd5 {sieht gut genug aus.}) 15. O-O Bd5 16. Rfe1 e6
17. Ne5 Nxe5 18. dxe5 Be7 $11 19. Rac1 O-O 20. Qa4 f5 21. exf6 Bxf6 22. Qg4 Be5
(22... Bxb2 23. Qg6 Rf6 (23... Bxc1 24. Qh7+ Kf7 25. Bg6+ Kf6 26. Bc3+ e5 27.
Bh5 Bf7 28. Qe4 {sieht für Schwarz nicht gut aus.}) 24. Qh7+ Kf7 25. Be2 Rg8
26. Bh5+ Kf8 27. Rc2 {führt zu einer recht unklaren Lage.}) 23. h3 (23. Bxh6
Bxh2+ 24. Kf1 Qg3 25. Qxg3 Bxg3 26. Be3 Bxa2 27. Bc4 {führt zu ähnlichen
Stellungsbildern wie in der Partie, nur daß beiderseits die h-Bauern vom Brett
verschwunden sind. Einen großen Unterschied dürfte dies nicht bedeuten.}) 23...
Bh2+ 24. Kf1 Qg3 {Jetzt muß Schwarz die Damen tauschen, denn sonst bekommt
Weiß Angriff.} 25. Qxg3 Bxg3 26. Re2 Bxa2 27. Bc4 Bxc4 28. Rxc4 Rad8 29. Be1
Rf6 30. Rce4 Rd5 (30... Kf7 31. R2e3 Bb8 32. Rb3 Rd7 33. Reb4 {ist nicht
erstrebenswert für Schwarz.}) 31. Rxe6 Rxe6 32. Rxe6 Be5 33. Re7 Rxc5 34. Rxb7
Rc1 35. Rb6 a5 36. Ke2 1/2-1/2

[Event "Selfoss Milk Masters 2nd"]
[Site "Selfoss"]
[Date "2003.11.06"]
[Round "8"]
[White "Vallejo Pons, Francisco"]
[Black "Sokolov, Ivan"]
[Result "0-1"]
[WhiteElo "2662"]
[BlackElo "2695"]
[Annotator "Huebner,R"]
[PlyCount "66"]
[EventDate "2003.10.29"]
[EventType "tourn"]
[EventRounds "9"]
[EventCountry "ISL"]
[EventCategory "15"]
[SourceTitle "CBM 098"]
[Source "ChessBase"]
[SourceDate "2004.02.03"]
[SourceVersion "1"]
[SourceVersionDate "2004.02.03"]
[SourceQuality "1"]

1. d4 d5 2. c4 c6 3. Nc3 Nf6 4. e3 a6 5. Nf3 b5 6. b3 Bg4 7. h3 Bxf3 8. gxf3 (
8. Qxf3 e5 $1 $36) 8... Nbd7 9. f4 (9. cxd5 cxd5 10. a4 b4 11. Ne2 e6 12. Ng3
Bd6 13. Bd2 a5 14. Bd3 Bxg3 15. fxg3 O-O $15 {0-1 Cvitan,O-Bareev,E/Tilburg
1993/CBM 39 (26). (25)}) 9... e6 (9... bxc4 10. bxc4 dxc4 11. Bxc4 e6 12. Bd2
Bb4 13. O-O (13. Qa4 Nd5 14. Rc1 $14) 13... O-O 14. Ne4 (14. Rb1) (14. a3)
14... a5 15. Bxb4 axb4 16. Nxf6+ Nxf6 17. Qf3 Nd5 18. Rfc1 Ra5 19. Rab1 Qd6 {
1/2-1/2 Van der Sterren,P-Shirov,A/Biel 1993/CBM 37/[Hertneck] (19).}) 10. c5
Ne4 {Dies ist nicht ohne Risiko. nach Abtausch auf e4 erhält der andere
Springer das schöne Feld d5; aber Weiß kann die Stellung durch Beseitigung des
Bauern auf e4 öffnen und erhält die günstigere Struktur. Versucht wurde in
dieser Stellung bisher:} (10... g6 11. Bd3 (11. Bb2 Bg7 12. Qc2 Ng8 13. Bd3 Ne7
14. O-O-O O-O 15. Rdg1 Nf5 16. Qe2 {1/2-1/2 Foisor,O-Masserey,Y/Grenoble 2002/
CBM 88 ext (16).}) 11... Nh5 12. Bb2 a5 13. Qc2 (13. Nxb5 $5) 13... Bg7 14.
O-O-O Bf6 15. Ne2 Qc7 16. Kb1 $11 {1/2-1/2 Sakaev,K-Rublevsky,S/St Petersburg
1993/CBM 34 (39). (38)}) (10... Ng8 {Dies sieht einigermaßen gekünstelt aus.}
11. Bb2 Ne7 12. a4 Nf5 (12... b4) 13. axb5 axb5 14. Na2 (14. Nxb5 $1 cxb5 15.
Bxb5 Rxa1 16. Qxa1 Qc8 17. Bc3 Be7 18. Qa4 $36) 14... g6 15. Nb4 Qc8 16. Kd2 (
16. Rxa8 Qxa8 17. Qa1 Qb7 18. Qa6 Qxa6 19. Nxa6 Bg7 $13) 16... Be7 (16... Bg7 {
/\ Nc5}) 17. Bd3 O-O 18. Rxa8 Qxa8 19. Qa1 Qb7 20. Qa6 $14 {1/2-1/2 Bareev,
E-Shirov,A/Munich 1993/CBM 36/[Hertneck] (34). (34)}) 11. Nxe4 dxe4 12. Bg2 f5
13. f3 exf3 (13... Qh4+ 14. Kf1 Nf6 15. fxe4 Nxe4 16. Bxe4 fxe4 17. Qc2 {
ist ungesund für Schwarz.}) 14. Bxf3 Rc8 15. Qe2 Nf6 16. Bd2 Nd5 17. e4 $1 {
Dies ist ein scharfer Versuch, etwas durch sofortige Öffnung der Stellung zu
erreichen. Ich glaube, daß er bei bestem Spiel Erfolg haben sollte. Ruhige
Fortsetzungen, die einen soliden Vorteil versprechen, sind:} (17. a4 Be7 18.
O-O O-O 19. axb5 axb5 20. Ra6 {Weiß hat die Initiative.}) (17. O-O-O {zur
Vorbereitung von e3-e4 kommt auch in Betracht.}) 17... Qh4+ 18. Kd1 Nxf4 19.
Qe1 (19. Qe3 g5 (19... fxe4 20. Qxe4 {ist hoffnungslos für Schwarz.}) (19...
Ng6 20. exf5 Ne7 21. Re1 {mit siegbringender Initiative für Weiß.}) 20. exf5
Bg7 21. Qe4 O-O 22. fxe6 Rce8 23. e7 Rf7 24. Be1 Qh6 25. Qxc6 Qxc6 26. Bxc6
Rexe7 27. Rc1 Bxd4 {ist recht ungemütlich für Weiß.}) 19... Ng6 20. exf5 Qxd4
21. Qxe6+ Ne7 22. Ke2 Qd7 23. Qe3 $2 {Ich sehe keinen Grund dafür, die Dame
aus ihrem starken Vorposten zurückzuziehen.} (23. Rhf1 {ist sehr ungemütlich
für Schwarz.}) 23... h5 24. Raf1 Kf7 25. Kd1 $6 {Mehr verspricht} (25. Qg5 Nd5
26. Qg6+ (26. Bxh5+ Kg8 27. b4 Rxh5 28. Qxh5 Re8+ {ist nicht empfehlenswert
für Weiß.}) 26... Kg8 27. Bxd5+ Qxd5 (27... cxd5 28. b4 {mit Vorteil für Weiß.}
) 28. f6 Qe5+ 29. Kd3 (29. Kd1 Qa1+ 30. Bc1 Rd8+ 31. Kc2 Qxa2+ 32. Bb2 Rd2+ 33.
Kxd2 Qxb2+ 34. Qc2 Qd4+ {mit Ausgleich.}) 29... Rh7 30. Kc2 Qxc5+ 31. Kb1 {
Weiß behält einen gefährlichen Angriff.}) 25... Nd5 26. Qg5 (26. Qd4 {ist
solider. Nach} Rd8 27. Rhg1 Qe7 28. Re1 Qf6 {entsteht eine in etwa
ausgeglichene Stellung.}) 26... Be7 $4 (26... Bxc5 {sieht plausibler aus. Es
ist nicht einfach für Weiß, das Gleichgewicht zu wahren.}) 27. Qg6+ Kg8 28.
Rhg1 {Der Textzug dürfte zum Sieg genügen, jedoch} (28. Bxd5+ {gewinnt auf der
Stelle.} Qxd5 (28... cxd5 29. f6 {, und Weiß gewinnt.}) 29. Rhg1 Qf7 30. f6
Qxg6 31. Rxg6 Bf8 32. f7+ Kh7 33. Re6 {und Weiß gewinnt:} Bxc5 34. Rf5) 28...
Bxc5 (28... Ne3+ 29. Ke2 Bxc5 (29... Nxf5 30. Bxh5 Bxc5 31. Qf7+ Qxf7 32. Bxf7+
Kf8 33. Be6 Bxg1 34. Bxc8 {, und Weiß gewinnt.}) 30. Rc1 Rd8 31. Qe6+ Qxe6 32.
fxe6 Nc2 33. Rxc2 Bxg1 34. Rxc6 {ist unerfreulich für Schwarz, bot aber noch
die besten Aussichten auf Widerstand.}) 29. Bxd5+ cxd5 30. f6 Bxg1 31. f7+ {
Der Textzug ist gut genug. Einen eleganten Sieg konnte Weiß mittels} (31. fxg7
Rh7 (31... Qxg7 32. Qe6+ Kh7 33. Rf7 $18) 32. Rf8+ Rxf8 33. Qxh7+ Kxh7 34.
gxf8=N+ {erzielen.}) 31... Kf8 32. Rxg1 $4 {Dies führt zu einem Wechsel des
Ergebnisses. Nach} (32. Qxg1 Qe7 33. Qd4 {wäre es an Schwarz, aufzugeben.})
32... Qxf7 33. Qxa6 Qf3+ 0-1

[Event "Selfoss Milk Masters 2nd"]
[Site "Selfoss"]
[Date "2003.11.06"]
[Round "8"]
[White "Nikolic, Predrag"]
[Black "Stefansson, Hannes"]
[Result "1-0"]
[WhiteElo "2647"]
[BlackElo "2567"]
[Annotator "Huebner,R"]
[PlyCount "51"]
[EventDate "2003.10.29"]
[EventType "tourn"]
[EventRounds "9"]
[EventCountry "ISL"]
[EventCategory "15"]
[SourceTitle "CBM 098"]
[Source "ChessBase"]
[SourceDate "2004.02.03"]
[SourceVersion "1"]
[SourceVersionDate "2004.02.03"]
[SourceQuality "1"]

1. d4 d5 2. c4 c6 3. Nc3 Nf6 4. Nf3 a6 5. c5 Nbd7 6. Bf4 Nh5 7. e3 g6 8. h4 {
Dies ist eine neue, sehr interessante Idee. Schwarz darf den schwarzfeldrigen
Läufer des Gegners wohl nicht leben lassen; wenn aber der Springer von h5
verschwunden ist, wird der Vorstoß h4-h5 unangenehm für Schwarz.} Nxf4 {
Wahrscheinlich nützt es nichts, diesen Tausch hinauszuzögern; nach} (8... b6 9.
cxb6 Qxb6 10. Qd2 {muß Schwarz doch zugreifen, und die Partiestellung wird
erreicht.}) 9. exf4 Bg7 (9... Nf6 10. Ne5 Bh6 (10... Bg7 $5) 11. g3 Nh5 12. Be2
Ng7 13. h5 g5 14. fxg5 Bxg5 15. h6 Nf5 16. Bh5 Nxh6 17. Bxf7+ Nxf7 18. Nxf7
Kxf7 19. Qh5+ Kf8 20. Qxg5 Qd7 21. Rh4 $18 {1-0 Farago,I-Arduman,C/Nova Gorica
2001/CBM 80 ext (41). (40)}) 10. h5 b6 11. cxb6 Qxb6 12. Qd2 Rb8 13. b3 c5 (
13... O-O 14. Na4 Qc7 15. Rc1 {führt zu überwältigendem positionellen Vorteil
für Weiß.}) 14. Nxd5 Qe6+ 15. Ne3 cxd4 16. Nxd4 Qe4 17. Rd1 Qxf4 $2 {Danach
geht es rasch zu Ende.} ({Nach} 17... Rb6 $16 18. Qc2 Qxc2 19. Nexc2 {dürfte
Schwarz indessen kaum genügende Kompensation für den geopferten Bauern
besitzen.}) 18. Nc6 $18 Qc7 (18... Rb6 19. Nxe7 $18) 19. Rc1 Ra8 20. Nxe7 Qd8
21. Nc6 Qg5 22. Qb4 Ne5 23. hxg6 hxg6 24. Rxh8+ Bxh8 25. Be2 (25. Nb8 {führt
auch zum Gewinn:} Qd8 (25... Be6 26. Qb7) 26. Nd5 Ra7 27. Qc5 {usw.}) 25...
Nxc6 (25... Bd7 26. Nb8 $18) 26. Qe4+ 1-0